Brand Logos Quiz #1 - Statistics

General Stats
  • This quiz has been taken 82 times
  • The average score is 12 of 20
Answer Stats
Picture Answer % Correct
taco bell
97%
netflix
94%
audi
91%
ikea
86%
aldi
83%
tesla
81%
bbc
80%
best buy
72%
evian
70%
7-eleven
69%
unilever
55%
tabasco hot sauce
53%
yoplait
53%
gerber
50%
citi
48%
wonder
48%
ing
42%
uniqlo
36%
fruit loom
11%
tiffany corp
5%
No matching quizzes found
Score Distribution
Percent of People with Each Score
Percentile by Number Answered
Your Score History
You have not taken this quiz